000 00754nam a22001817a 4500
999 _c371796
_d371796
008 201127b ||||| |||| 00| 0 eng d
040 _aDE-2950
_bger
_cDE-2950
_erda
041 _ager
245 _aFischsterben in der Oder wird immer mehr zum Umwelt-Krimi.
_bÖkokatastrophe. Bundesumweltministerin Steffi Lemke kam mit Axel Vogel am Sonnabend nach Frankfurt. Sie mussten sich harsche Kritik anhören/
_cInes Weber-Rath
264 _c2022
653 _aFrankfurt (Oder)
653 _aFischsterben
773 _dFrankfurt (Oder) Märkisches Verlags- und Druckhaus GmbH & Co KG
_tMärkische Oderzeitung
_g33. Jahrgang (2022) Nr. 189 vom 15 .08.2022, S. 11; Foto
942 _cA